LIBRARY & INFORMATION CENTRE, KCAET, TAVANUR

ONLINE PUBLIC ACCESS CATALOGUE (OPAC)

Flying Troika / (Record no. 3962)

MARC details
000 -LEADER
fixed length control field 00350cam a2200157ua 4500
041 ## - LANGUAGE CODE
Language code of text/sound track or separate title eng
082 ## - DEWEY DECIMAL CLASSIFICATION NUMBER
Classification number 894.81280355
Item number MEN/FL
100 ## - MAIN ENTRY--AUTHOR NAME
Personal name K P S , Menon .
245 ## - TITLE STATEMENT
Title Flying Troika /
300 ## - PHYSICAL DESCRIPTION
Number of Pages 272 ; .
942 ## - ADDED ENTRY ELEMENTS (KOHA)
Koha item type Books
Holdings
Withdrawn status Lost status Damaged status Home library Current library Date acquired Full call number Accession Number Koha item type Public note
Withdrawn     KAUAET KAUAET 07/04/2012 894.81280355 8943 Books  
Withdrawn     KAUAET Malayalam University 07/04/2012 894.81280355 8450 Books Transferred to Malayalam University
free website counter